000 00619nmm a2200193Ia 4500
008 251105s9999||||xx |||||||||||||||||und||
020 _a9789587411393
041 _aspa
100 _aQuintero M., Christian G.
245 0 _aInstrumentación electrónica aplicada: prácticas de laboratorio
264 _a[Bogotá, Colombia] :
_bUniversidad del Norte,
_c2011
300 _a100 páginas
650 _aEngineering
700 _aQuintero M., Christian G.
700 1 _a Oñate López, José A.
700 1 _a Arias de la Hoz, Humberto J.
856 _uhttps://public.digitaliapublishing.com/a/54959
942 _cCF
999 _c70275
_d70275